000 00458cam a2200193ua 4500
001 8903
005 20260515114411.0
008 150218n ii |||gr||||Z||||||eng
040 _cMAIN
041 _aeng
082 _a822.33
100 _aDatta, S.,
_eEditor.
245 _aShakespeare the two gentlemen of verona
_cEdited by S. Datta
250 _a1st.
260 _aCalcutta:
_bBani,
_c1966.
300 _a525p.
653 _aEnglish drama
942 _cBK
999 _c7990
_d7990